000
00284nam a2200109Ia 4500
008
230907s9999||||xx |||||||||||||| ||und||
082
_a
693/.5
_b
GRE
245
0
_a
Green building with concrete :
260
_a
CRC Press,
_b
Boca Raton, FL :
_c
2011
300
_a
xv, 320 p. :
942
_c
BK
999
_c
596400
_d
596400